Система лазерного контроля обработки деталей в реальном времени; Промышленные АСУ и контроллеры; № 11

গ্রন্থ-পঞ্জীর বিবরন
Parent link:Промышленные АСУ и контроллеры: ежемесячный научно-технический производственный журнал.— , 2002-
№ 11.— 2005.— С. 21-24
প্রধান লেখক: Титов В. С.
অন্যান্য লেখক: Бобырь М. В., Милостная Н. А.
ভাষা:রুশ
প্রকাশিত: 2005
মালা:Математическое обеспечение АСУ
বিষয়গুলি:
বিন্যাস: গ্রন্থের অধ্যায়
KOHA link:https://koha.lib.tpu.ru/cgi-bin/koha/opac-detail.pl?biblionumber=399429

MARC

LEADER 00000naa2a2200000 4500
001 399429
005 20231101065226.0
035 |a (RuTPU)RU\TPU\prd\40738 
090 |a 399429 
100 |a 20051229a2005 k y0rusy50 ca 
101 0 |a rus 
102 |a RU 
200 1 |a Система лазерного контроля обработки деталей в реальном времени  |f В. С. Титов, М. В. Бобырь, Н. А. Милостная 
225 1 |a Математическое обеспечение АСУ 
320 |a Библиогр.: 4 назв. 
461 0 |0 (RuTPU)RU\TPU\prd\2287  |t Промышленные АСУ и контроллеры  |o ежемесячный научно-технический производственный журнал  |d 2002- 
463 0 |0 (RuTPU)RU\TPU\prd\40324  |t № 11  |v С. 21-24  |d 2005 
610 1 |a интеллектуальные системы 
610 1 |a лазерный контроль 
610 1 |a детали 
610 1 |a обработка 
610 1 |a высокоточные автоматизированные системы 
610 1 |a точность 
610 1 |a активный контроль 
610 1 |a реальное время 
700 1 |a Титов  |b В. С. 
701 1 |a Бобырь  |b М. В. 
701 1 |a Милостная  |b Н. А. 
801 1 |a RU  |b 63413507  |c 20051229  |g PSBO 
942 |c BK